=LDR 00000nam 2200000 4500 =001 INLIS000000000016967 =005 20130612112158 =008 ***********************************Ind** =035 ##$$0010-061300000016967 =041 ##$$a Ind =082 ##$$a 372.8 =090 ##$$a 372.8, Sri m =100 ##$$a Sriningsih =245 ##$$a Mari bermain belajar, Sriningsih =260 ##$$a 2003 $b Surabaya =300 ##$$a ...jil, ilus, 27 cm =650 ##$$a Pendidikan dasar-Belajar dan Belajar =850 ##$$a NBPNMAT